| 000 | 00381cam a22001097a 4500 | ||
|---|---|---|---|
| 008 | 180718b1953 xxu||||| |||| 00| 0 eng d | ||
| 082 | _aK5x42 Un3d/6 | ||
| 245 |
_aTraining of civil defence general , rescue and tactical instructors _cby Home Office, United Kingdom |
||
| 260 |
_aLondon _bHer Majesty's Stationery Office _c1953 |
||
| 300 | _a26p. | ||
| 700 | _aUnited Kingdom. Home Office | ||
| 999 |
_c428767 _d428767 |
||